| 000 | 00564cam a2200205ua 4500 | ||
|---|---|---|---|
| 020 | _c10.60 | ||
| 041 |
_aeng _h |
||
| 082 |
_a629.13 _bTAT/AE |
||
| 100 | _aTatham, R . | ||
| 245 |
_aAeronautical engineering: For national certificate, Vol 1 / _cR Tatham. _hTextual Documents |
||
| 250 |
_a1 / _b. |
||
| 260 |
_aLondon : _bEnglish Universities Press , _c1949. |
||
| 300 | _a173 ; . | ||
| 365 | _a10.60 | ||
| 440 | 0 |
_aTechnical college series, _v _x; |
|
| 490 | 0 |
_aTechnical college series, _v _x; |
|
| 504 | _a | ||
| 942 | _cBK | ||
| 999 |
_c9325 _d9325 |
||